[Event "AUTO-BEG-580"]
[Site "http://www.queenalice.com/game.php?id=1206498"]
[Date "2013.8.9"]
[Round "2"]
[White "TRICKYTRAPS83"]
[Black "CruzVictor"]
[Result "1-0"]
[WhiteElo "1469"]
[BlackElo "1634"]

1. e4 e5 2. Nc3 Nf6 3. d4 exd4 4. Qxd4 Nc6 5. Qd1 Qe7 6. f3 d5 7. Nxd5 Nxd5 8.
Qxd5 Be6 9. Qd3 Rd8 10. Qb5 Qb4+ 11. Qxb4 Bxb4+ 12. c3 Ba5 13. b4 Bb6 14. Nh3
O-O 15. Ng5 Bd7 16. Bf4 h6 17. Nh3 Be6 18. b5 Na5 19. a4 Nb3 20. Rd1 Rxd1+ 21.
Kxd1 Rd8+ 22. Ke1 Ba5 23. Be5 Nc5 24. Nf4 Bxc3+ 25. Bxc3 Nxa4 26. Be5 Nc3 27.
Bxc3 1-0

[Event "AUTO-INT-2708"]
[Site "http://www.queenalice.com/game.php?id=1210352"]
[Date "2013.8.22"]
[Round "1"]
[White "TRICKYTRAPS83"]
[Black "Paraucho"]
[Result "0-1"]
[WhiteElo "1570"]
[BlackElo "1976"]

1. d4 c6 2. e4 d5 3. e5 Bf5 4. g4 Bg6 5. Nc3 e6 6. Nf3 Bb4 7. a3 Bxc3+ 8. bxc3
Ne7 9. Nh4 Qc7 10. Nxg6 hxg6 11. Bg5 Nd7 12. Qb1 Nb6 13. Bd3 O-O 14. Qb4 Nec8
15. a4 Nd7 16. Rb1 b6 17. O-O c5 18. dxc5 Nxc5 19. f4 Re8 20. Rf3 Ne7 21. c4 Nc6
22. Qe1 dxc4 23. Rh3 f6 24. Bxg6 fxg5 25. Bxe8 Rxe8 26. fxg5 Qxe5 27. Qxe5 Nxe5
28. Rb4 Kf7 29. a5 Rb8 30. Rb5 Nxg4 31. Rc3 Ne5 32. h4 Kg6 0-1

[Event "AUTO-INT-2708"]
[Site "http://www.queenalice.com/game.php?id=1210353"]
[Date "2013.8.22"]
[Round "1"]
[White "Paraucho"]
[Black "TRICKYTRAPS83"]
[Result "1-0"]
[WhiteElo "1942"]
[BlackElo "1513"]

1. e4 Nf6 2. e5 Nd5 3. Nf3 e6 4. d4 h6 5. c4 Nb6 6. Nc3 d5 7. cxd5 exd5 8. Be3
Nc4 9. Bxc4 dxc4 10. Qa4+ Nc6 11. d5 Qd7 12. dxc6 bxc6 13. O-O Qe6 14. Nd4 Qd7
15. Rad1 c5 16. Nc6 Bb7 17. Rxd7 Kxd7 18. Na5+ Kc8 19. Qe8# 1-0

[Event "AUTO-INT-2708"]
[Site "http://www.queenalice.com/game.php?id=1210354"]
[Date "2013.8.22"]
[Round "1"]
[White "TRICKYTRAPS83"]
[Black "PioDeCuritiba"]
[Result "1-0"]
[WhiteElo "1555"]
[BlackElo "1527"]

1. e4 b6 2. d4 Bb7 3. d5 Nf6 4. Nc3 c6 5. Nf3 cxd5 6. exd5 d6 7. Bb5+ Nbd7 8.
O-O a6 9. Bc6 h6 10. Bxb7 Ra7 11. Bc6 e6 12. Re1 g5 13. dxe6 Bg7 14. exd7+ Kf8
15. Re8+ Nxe8 16. dxe8=Q+ 1-0

[Event "AUTO-INT-2708"]
[Site "http://www.queenalice.com/game.php?id=1210355"]
[Date "2013.8.22"]
[Round "1"]
[White "PioDeCuritiba"]
[Black "TRICKYTRAPS83"]
[Result "0-1"]
[WhiteElo "1470"]
[BlackElo "1580"]

1. b3 d5 2. Bb2 Nc6 3. e3 h5 4. h3 f5 5. Bd3 Nf6 6. Qf3 g6 7. Na3 Be6 8. Nb5 Nb4
9. Qe2 Ne4 10. a3 Nxd3+ 11. cxd3 Nc5 12. Bxh8 Nxb3 13. Rb1 Nc5 14. Nf3 c6 15.
Nbd4 Qd6 16. Be5 Qd7 17. O-O b5 0-1

[Event "AUTO-INT-2788"]
[Site "http://www.queenalice.com/game.php?id=1245547"]
[Date "2014.1.5"]
[Round "1"]
[White "wind39"]
[Black "TRICKYTRAPS83"]
[Result "0-1"]
[WhiteElo "1616"]
[BlackElo "1617"]

1. d4 d5 2. Nf3 e6 3. Nc3 c5 4. e3 Nc6 5. Bb5 a6 6. Bxc6+ bxc6 7. Ne5 Qg5 8. O-O
Nf6 9. e4 Qh5 10. Nxc6 dxe4 11. dxc5 Bd7 12. Qxh5 Nxh5 13. Ne5 Bxc5 14. Be3 Rc8
15. Bxc5 Rxc5 16. Nxd7 Kxd7 17. Nxe4 Rxc2 18. b4 Ra8 19. Nc5+ Kc6 20. Rac1 Rxa2
21. Nb3+ Kb5 22. Rc5+ Kxb4 23. Rxh5 Kxb3 24. Rxh7 Rg8 25. h4 a5 26. Rb1+ Kc2 27.
Rb7 f5 28. Rhxg7 Rh8 29. g3 a4 30. Kf1 a3 31. Ke2 Rb2 32. Rgc7+ Kb1+ 33. Kd1
Rd8+ 34. Ke1 a2 35. Ra7 a1=Q 36. Rxa1+ Kxa1 37. Rc1+ Rb1 38. Rxb1+ Kxb1 39. Kf1
Rd1+ 40. Ke2 Kc2 41. Kf3 Rf1 42. h5 e5 43. h6 Rh1 44. g4 fxg4+ 45. Kxg4 Rxh6 46.
f4 e4 47. f5 e3 48. Kg5 Rd6 49. f6 Rd8 50. f7 e2 51. Kg6 e1=Q 52. Kg7 Qe5+ 53.
Kg6 Rd6+ 54. Kh7 Qf6 55. Kg8 Rd8+ 56. f8=Q Rxf8+ 57. Kh7 Rh8# 0-1

[Event "AUTO-INT-2788"]
[Site "http://www.queenalice.com/game.php?id=1245548"]
[Date "2014.1.5"]
[Round "1"]
[White "TRICKYTRAPS83"]
[Black "wind39"]
[Result "1-0"]
[WhiteElo "1600"]
[BlackElo "1633"]

1. e4 e5 2. Nf3 Nc6 3. d4 d6 4. c3 Bg4 5. Be2 exd4 6. Nxd4 Bxe2 7. Nxe2 Nf6 8.
Qb3 b6 9. Nd2 g6 10. O-O Bg7 11. Nd4 Nxd4 12. cxd4 O-O 13. e5 dxe5 14. dxe5 Nd5
15. Nf3 h6 16. Rd1 c6 17. Nd4 Bxe5 18. Nxc6 Qd6 19. Nxe5 Qxe5 20. Qxd5 Rfe8 21.
Qxe5 Rxe5 22. Bxh6 Kh7 23. Be3 b5 24. Rd7 Kg8 25. Bxa7 Rae8 26. Kf1 f5 27. f4
Re4 28. g3 Rc8 29. Bd4 Rc6 30. Re1 Rxe1+ 31. Kxe1 Kf8 32. Rb7 Rc4 33. Bg7+ Ke8
34. Rxb5 Kf7 35. Bc3 Re4+ 36. Kf2 Ke6 37. Re5+ Rxe5 38. fxe5 g5 39. b4 g4 40. b5
Kd5 41. b6 Ke4 42. b7 f4 43. b8=Q Kd3 44. Qb4 fxg3+ 45. Kxg3 Kc2 46. e6 Kd3 47.
e7 Kc2 48. e8=Q Kd3 49. Qee4# 1-0

[Event "AUTO-INT-2788"]
[Site "http://www.queenalice.com/game.php?id=1245562"]
[Date "2014.1.5"]
[Round "1"]
[White "TRICKYTRAPS83"]
[Black "Givanildo"]
[Result "1-0"]
[WhiteElo "1631"]
[BlackElo "1664"]

1. c4 e6 2. Nf3 h6 3. d4 d5 4. e3 a6 5. Ne5 Bd6 6. Qh5 Bxe5 7. Qxe5 Nc6 8. Qxg7
Qf6 9. Qxf6 Nxf6 10. Nc3 Bd7 11. c5 O-O-O 12. f4 Ne4 13. Nxe4 dxe4 14. Bd2 e5
15. fxe5 Be6 16. b4 h5 17. b5 axb5 18. Bxb5 Bd5 19. O-O h4 20. g4 hxg3 21. hxg3
Rdg8 22. Kg2 Nxd4 23. exd4 e3+ 24. Rf3 Bxf3+ 25. Kxf3 exd2 26. a4 Rh3 27. Ke2
Rgxg3 28. Kxd2 Rh2+ 29. Be2 Rh4 30. d5 Rd4+ 31. Kc2 Rxd5 32. c6 Rc5+ 33. Kd2
Rxc6 34. a5 Re6 35. a6 Rxe5 36. a7 Rd5+ 37. Kc2 Rc5+ 38. Kb2 Rb5+ 39. Bxb5 c6
40. a8=Q+ Kc7 41. Ra7 Rg2+ 42. Kc3 Rg3+ 43. Kd2 Kb6 44. Qxb7+ Kc5 45. Qxc6+ Kb4
46. Ra4+ Kb3 47. Qc2# 1-0

[Event "AUTO-INT-2788"]
[Site "http://www.queenalice.com/game.php?id=1245571"]
[Date "2014.1.5"]
[Round "1"]
[White "TRICKYTRAPS83"]
[Black "APSHOOTER"]
[Result "1-0"]
[WhiteElo "1617"]
[BlackElo "1569"]

1. e4 d5 2. Qf3 d4 3. Nh3 Bxh3 4. Qxh3 a6 5. a4 Qd7 6. Bc4 Qxh3 7. gxh3 e5 8.
Rg1 Nf6 9. d3 Bb4+ 10. c3 Bd6 11. Rxg7 Rf8 12. Bg5 Nbd7 13. b4 O-O-O 14. Bxf7
dxc3 15. Nxc3 Bxb4 16. Rc1 Bxc3+ 17. Rxc3 Kb8 18. Bd5 c6 19. Be6 Kc7 20. Bg4 h5
21. Bf5 Rg8 22. Bxf6 Rxg7 23. Bxg7 Rg8 24. Bh6 Rg1+ 25. Ke2 Rh1 26. Kf3 Ra1 27.
Rc4 b5 28. axb5 axb5 29. Rc1 Rxc1 30. Bxc1 Nf6 31. Bb2 Kd6 32. Ba3+ c5 33. Bc1
c4 34. dxc4 bxc4 35. Ba3+ Kc6 36. Ke3 Kb5 37. Kd2 Nd7 38. Bxd7+ 1-0

[Event "AUTO-INT-2788"]
[Site "http://www.queenalice.com/game.php?id=1245572"]
[Date "2014.1.5"]
[Round "1"]
[White "APSHOOTER"]
[Black "TRICKYTRAPS83"]
[Result "0-1"]
[WhiteElo "1522"]
[BlackElo "1604"]

1. e4 e5 2. Bc4 Nf6 3. d3 d5 4. Bb5+ c6 5. Ba4 Qa5+ 6. Nc3 d4 7. Bg5 dxc3 8.
Bxc6+ Nxc6 9. b3 Qc5 10. Bxf6 gxf6 11. Ne2 Rg8 12. d4 exd4 13. Qd3 Rxg2 14. Nf4
Rg4 15. Nd5 Ne5 16. Nxf6+ Ke7 17. Nd5+ Ke6 18. f4 Nxd3+ 0-1

[Event "AUTO-INT-2827"]
[Site "http://www.queenalice.com/game.php?id=1267247"]
[Date "2014.3.22"]
[Round "1"]
[White "TRICKYTRAPS83"]
[Black "Slazenger"]
[Result "0-1"]
[WhiteElo "1616"]
[BlackElo "1615"]

1. e4 e6 2. d4 c6 3. Nh3 h6 4. Bc4 d5 5. exd5 exd5 6. Bb3 Qe7+ 7. Qe2 Qxe2+ 8.
Kxe2 Bxh3 9. gxh3 Nf6 10. Nc3 Bb4 0-1

[Event "AUTO-INT-2827"]
[Site "http://www.queenalice.com/game.php?id=1267262"]
[Date "2014.3.22"]
[Round "1"]
[White "renet54"]
[Black "TRICKYTRAPS83"]
[Result "0-1"]
[WhiteElo "1745"]
[BlackElo "1653"]

1. e4 e5 2. Nf3 Nc6 3. Bb5 Nd4 4. Nxd4 exd4 5. d3 c6 6. Ba4 Qa5+ 7. Bd2 Qxa4 8.
O-O Qb5 9. a4 Qxb2 10. Na3 Bxa3 11. Qg4 g6 12. Bh6 Nxh6 13. Qg5 Bf8 14. Qe5+ Be7
15. Qxh8+ Bf8 16. Qe5+ Kd8 17. Qf6+ Kc7 18. a5 Qxc2 19. Qe5+ Bd6 20. Qxd4 Ng4
21. e5 Nxe5 22. f4 Qxd3 23. Qa4 Qe3+ 24. Kh1 Ng4 25. Ra2 Qd3 26. Raa1 Bc5 27. a6
bxa6 28. Qa5+ Bb6 29. Qa2 d5 30. Rad1 Qc4 31. Qa1 Nf2+ 32. Rxf2 Bxf2 33. h4 Qxf4
34. Rf1 Qxh4# 0-1

[Event "AUTO-INT-2827"]
[Site "http://www.queenalice.com/game.php?id=1267272"]
[Date "2014.3.22"]
[Round "1"]
[White "FoxInSox"]
[Black "TRICKYTRAPS83"]
[Result "0-1"]
[WhiteElo "1738"]
[BlackElo "1633"]

1. d4 Nf6 2. Bg5 Ne4 3. Bh4 g5 4. Bg3 Nxg3 5. hxg3 d5 6. Nc3 f5 7. Qd2 h6 8.
O-O-O e6 9. Kb1 a5 10. e3 c6 11. a3 b5 12. Nf3 b4 13. axb4 axb4 14. Ne2 Qa5 15.
c3 b3 0-1

[Event "AUTO-INT-2827"]
[Site "http://www.queenalice.com/game.php?id=1267273"]
[Date "2014.3.22"]
[Round "1"]
[White "TRICKYTRAPS83"]
[Black "FoxInSox"]
[Result "0-1"]
[WhiteElo "1673"]
[BlackElo "1730"]

1. d4 d5 2. Nf3 Bg4 3. Ne5 Bf5 4. g4 Bd7 5. h3 f6 6. Nf3 Bb5 7. a4 Ba6 8. b4 c6
9. e3 Bxf1 10. Rxf1 Qd6 11. Ba3 b5 12. axb5 cxb5 13. Qd3 a6 14. Nc3 e6 15. h4
Nc6 16. g5 f5 17. h5 Nxb4 18. Qe2 Qc7 19. Kd2 a5 20. Nxb5 Qxc2+ 21. Ke1 Nd3+ 22.
Qxd3 Qxd3 23. Nc7+ Kd8 24. Nxa8 Bxa3 25. Rd1 Bb4+ 26. Rd2 Bxd2+ 27. Nxd2 a4 28.
Nf3 a3 29. Ne5 Qc2 30. Nf7+ Ke7 31. Nxh8 a2 0-1

[Event "AUTO-INT-2853"]
[Site "http://www.queenalice.com/game.php?id=1281012"]
[Date "2014.5.11"]
[Round "1"]
[White "bbking"]
[Black "TRICKYTRAPS83"]
[Result "1-0"]
[WhiteElo "1505"]
[BlackElo "1626"]

1. e4 d5 2. exd5 Qxd5 3. Nc3 Qa5 4. Bb5+ c6 5. Bc4 e5 6. Nf3 Nf6 7. d4 e4 8. Nd2
Bg4 9. f3 exf3 10. gxf3 Be6 11. Qe2 Bb4 12. a3 Bxc3 13. Bxe6 Bxd4 14. Bc4+ Qe5
15. Qxe5+ Bxe5 16. Ne4 Nxe4 17. fxe4 b5 18. Bb3 1-0

[Event "AUTO-INT-2853"]
[Site "http://www.queenalice.com/game.php?id=1281013"]
[Date "2014.5.11"]
[Round "1"]
[White "TRICKYTRAPS83"]
[Black "bbking"]
[Result "0-1"]
[WhiteElo "1605"]
[BlackElo "1526"]

1. e4 e5 2. Nf3 Nc6 3. c4 Nf6 4. d4 d6 5. Nc3 Bg4 6. dxe5 Nxe5 7. Bd3 Bxf3 8.
gxf3 Nxd3+ 9. Qxd3 Be7 10. f4 h6 11. Qg3 Nh5 12. Qg4 g6 13. Nd5 O-O 14. f5 c6
15. fxg6 cxd5 16. gxf7+ Kxf7 0-1

[Event "AUTO-INT-2853"]
[Site "http://www.queenalice.com/game.php?id=1281026"]
[Date "2014.5.11"]
[Round "1"]
[White "rtz678"]
[Black "TRICKYTRAPS83"]
[Result "1-0"]
[WhiteElo "2276"]
[BlackElo "1584"]

1. e4 e5 2. d4 Nc6 3. Nf3 Qf6 4. d5 Nd4 5. Nxd4 exd4 6. Nd2 Bc5 7. Nf3 d6 8. Bg5
Qg6 9. Bd3 Bb4+ 10. c3 dxc3 11. Qa4+ Bd7 12. Qxb4 cxb2 13. Qxb2 c6 14. Qxb7 Rc8
15. O-O Ne7 16. Bxe7 Kxe7 17. dxc6 Rxc6 18. Bb5 1-0

[Event "AUTO-INT-2853"]
[Site "http://www.queenalice.com/game.php?id=1281027"]
[Date "2014.5.11"]
[Round "1"]
[White "TRICKYTRAPS83"]
[Black "rtz678"]
[Result "0-1"]
[WhiteElo "1586"]
[BlackElo "2275"]

1. e4 d5 2. e5 c5 3. d4 e6 4. Nf3 Nc6 5. Qd3 cxd4 6. Nxd4 Nxe5 7. Qb5+ Qd7 8. f4
Nc6 9. Qd3 Bc5 10. Be3 Nxd4 11. Bxd4 Bxd4 12. Qxd4 Nf6 13. Nc3 O-O 14. O-O-O a6
15. g4 b5 0-1

[Event "AUTO-INT-2853"]
[Site "http://www.queenalice.com/game.php?id=1281034"]
[Date "2014.5.11"]
[Round "1"]
[White "bestb40409"]
[Black "TRICKYTRAPS83"]
[Result "1-0"]
[WhiteElo "1637"]
[BlackElo "1642"]

1. e4 e5 2. Nf3 Nc6 3. Bb5 Nd4 4. Nxd4 exd4 5. d3 c6 6. Bc4 d5 7. exd5 cxd5 8.
Bb3 Nf6 9. O-O Bd6 10. Re1+ Be6 11. Qf3 O-O 12. Bf4 Rc8 13. Na3 a5 14. Nb5 Bb4
15. Rec1 h6 16. Nxd4 1-0

[Event "AUTO-INT-2853"]
[Site "http://www.queenalice.com/game.php?id=1281035"]
[Date "2014.5.11"]
[Round "1"]
[White "TRICKYTRAPS83"]
[Black "bestb40409"]
[Result "0-1"]
[WhiteElo "1659"]
[BlackElo "1640"]

1. c4 Nf6 2. d4 e6 3. Nf3 d5 4. e3 c5 5. Nc3 Nc6 6. Qa4 Bd7 7. Bd3 Nxd4 8. Nb5
Nxf3+ 9. gxf3 a6 10. Qb3 axb5 11. cxb5 c4 12. Bxc4 dxc4 13. Qxc4 Qa5+ 14. b4
Bxb4+ 15. Ke2 Bxb5 16. Kd3 Rd8+ 0-1